Gestures : (Record no. 404)

MARC details
000 -LEADER
fixed length control field 01219cam a2200313 a 4500
005 - DATE AND TIME OF LATEST TRANSACTION
control field 20260322212018.0
008 - FIXED-LENGTH DATA ELEMENTS--GENERAL INFORMATION
fixed length control field data
010 ## - LIBRARY OF CONGRESS CONTROL NUMBER
LC control number 97029043
020 ## - INTERNATIONAL STANDARD BOOK NUMBER
International Standard Book Number 0471183423 (pbk. : alk. paper)
020 ## - INTERNATIONAL STANDARD BOOK NUMBER
International Standard Book Number 9780471183426 (pbk. : alk. paper)
040 ## - CATALOGING SOURCE
Original cataloging agency DLC
Transcribing agency DLC
Modifying agency DLC
050 00 - LIBRARY OF CONGRESS CALL NUMBER
Classification number BF637.N66
Item number A88 1998
092 ## - LOCALLY ASSIGNED DEWEY CALL NUMBER (OCLC)
Classification number 153.69 A88 1997
001 - CONTROL NUMBER
control field data
100 1# - MAIN ENTRY--PERSONAL NAME
Personal name Axtell, Roger E.
245 10 - TITLE STATEMENT
Title Gestures :
Remainder of title the do's and taboos of body language around the world /
Statement of responsibility, etc. Roger E. Axtell & Mike Fornwald.
250 ## - EDITION STATEMENT
Edition statement Rev. and expanded ed.
260 ## - PUBLICATION, DISTRIBUTION, ETC.
Place of publication, distribution, etc. New York :
Name of publisher, distributor, etc. Wiley,
Date of publication, distribution, etc. c1998.
300 ## - PHYSICAL DESCRIPTION
Extent xvii, 238 p. :
Other physical details ill. ;
Dimensions 24 cm.
504 ## - BIBLIOGRAPHY, ETC. NOTE
Bibliography, etc. note Includes bibliographical references (p. 233-234) and index.
590 ## - LOCAL NOTE (RLIN)
Local note Includes index.
650 #0 - SUBJECT ADDED ENTRY--TOPICAL TERM
Topical term or geographic name entry element Body language
General subdivision Cross-cultural studies.
650 #0 - SUBJECT ADDED ENTRY--TOPICAL TERM
Topical term or geographic name entry element Gesture
General subdivision Cross-cultural studies.
650 #0 - SUBJECT ADDED ENTRY--TOPICAL TERM
Topical term or geographic name entry element Nonverbal communication
General subdivision Cross-cultural studies.
700 1# - ADDED ENTRY--PERSONAL NAME
Personal name Fornwald, Mike.
856 42 - ELECTRONIC LOCATION AND ACCESS
Materials specified Contributor biographical information
Uniform Resource Identifier <a href="http://www.loc.gov/catdir/bios/wiley041/97029043.html">http://www.loc.gov/catdir/bios/wiley041/97029043.html</a>
856 42 - ELECTRONIC LOCATION AND ACCESS
Materials specified Publisher description
Uniform Resource Identifier <a href="http://www.loc.gov/catdir/description/wiley031/97029043.html">http://www.loc.gov/catdir/description/wiley031/97029043.html</a>
856 4# - ELECTRONIC LOCATION AND ACCESS
Materials specified Table of Contents
Uniform Resource Identifier <a href="http://www.loc.gov/catdir/toc/onix01/97029043.html">http://www.loc.gov/catdir/toc/onix01/97029043.html</a>
Holdings
Withdrawn status Lost status Damaged status Not for loan Home library Current library Shelving location Date acquired Total checkouts Full call number Barcode Date last seen Price effective from Koha item type
        Centerville Centerville General stacks 22/03/2026   BF637.N66 A88 1998 BC0010414 22/03/2026 22/03/2026 Books